|
|
|
|
| LEADER |
00895nam a2200193Ia 4500 |
| 001 |
CTU_95164 |
| 008 |
210402s9999 xx 000 0 und d |
| 082 |
|
|
|a 614.35
|
| 082 |
|
|
|b G646
|
| 245 |
|
0 |
|a Good manufacturing practices in the pharmaceutical industry :
|
| 245 |
|
0 |
|b La bonne pratique de fabrication dans l’industrie du médicament = Prácticas correctas de fabricación en la industria del medicamento : proceedings of a symposium held in Geneva, Switzerland, from 20 to 23 September 1971
|
| 245 |
|
0 |
|c [sponsored by the] International Federation of Pharmaceutical Manufacturers Associations.
|
| 260 |
|
|
|a [Zurich] :
|
| 260 |
|
|
|b International Federation of Pharmaceutical Manufacturers Associations
|
| 260 |
|
|
|c 1972
|
| 650 |
|
|
|a Pharmaceutical industry
|
| 650 |
|
|
|x Quality control,Congresses
|
| 904 |
|
|
|i Năm
|
| 980 |
|
|
|a Trung tâm Học liệu Trường Đại học Cần Thơ
|